Agricultural Marketing in India / (Record no. 49111)
[ view plain ]
| 000 -LEADER | |
|---|---|
| fixed length control field | 00643nam a22002297a 4500 |
| 003 - CONTROL NUMBER IDENTIFIER | |
| control field | OSt |
| 008 - FIXED-LENGTH DATA ELEMENTS--GENERAL INFORMATION | |
| fixed length control field | 251021b |||||||| |||| 00| 0 eng d |
| 020 ## - INTERNATIONAL STANDARD BOOK NUMBER | |
| International Standard Book Number | 9789389688061 |
| 082 ## - DEWEY DECIMAL CLASSIFICATION NUMBER | |
| Classification number | 381.410954 |
| Item number | A17A |
| 100 ## - MAIN ENTRY--PERSONAL NAME | |
| Personal name | Acharya, S. S. |
| 245 ## - TITLE STATEMENT | |
| Title | Agricultural Marketing in India / |
| Statement of responsibility, etc. | by S. S. Acharya and N. L. Agarwal |
| 250 ## - EDITION STATEMENT | |
| Edition statement | 7th ed. reprint |
| 260 ## - PUBLICATION, DISTRIBUTION, ETC. (IMPRINT) | |
| Place of publication, distribution, etc | .- New Delhi |
| Name of publisher, distributor, etc | : CBS Publishers |
| Date of publication, distribution, etc | , 2025 |
| 300 ## - PHYSICAL DESCRIPTION | |
| Extent | xxii,530p. |
| 650 ## - SUBJECT ADDED ENTRY--TOPICAL TERM | |
| Topical term or geographic name as entry element | Social Sciences |
| 650 ## - SUBJECT ADDED ENTRY--TOPICAL TERM | |
| Topical term or geographic name as entry element | Commerce, Communications, Transportation |
| 650 ## - SUBJECT ADDED ENTRY--TOPICAL TERM | |
| Topical term or geographic name as entry element | Agriculture |
| 650 ## - SUBJECT ADDED ENTRY--TOPICAL TERM | |
| Topical term or geographic name as entry element | Marketing |
| 650 ## - SUBJECT ADDED ENTRY--TOPICAL TERM | |
| Topical term or geographic name as entry element | India |
| 700 ## - ADDED ENTRY--PERSONAL NAME | |
| Personal name | Agarwal, N. L. |
| 942 ## - ADDED ENTRY ELEMENTS (KOHA) | |
| Source of classification or shelving scheme | |
| Koha item type | Books |
| 942 ## - ADDED ENTRY ELEMENTS (KOHA) | |
| -- | 13 |
| Withdrawn status | Lost status | Source of classification or shelving scheme | Damaged status | Not for loan | Home library | Current library | Date acquired | Source of acquisition | Cost, normal purchase price | Total Checkouts | Full call number | Barcode | Date last seen | Date last borrowed | Bill Date | Koha item type | Bill Number | Checked out |
|---|---|---|---|---|---|---|---|---|---|---|---|---|---|---|---|---|---|---|
| Dr. Rajendra Prasad Central Agricultural University Pusa, | Dr. Rajendra Prasad Central Agricultural University Pusa, | 21/10/2025 | DBA, Delhi | 750.00 | 4 | 381.410954 A17A | 84865 | 16/03/2026 | 25/02/2026 | 15/07/2025 | Books | DBS/004/2025-2026 | ||||||
| Dr. Rajendra Prasad Central Agricultural University Pusa, | Dr. Rajendra Prasad Central Agricultural University Pusa, | 21/10/2025 | DBA, Delhi | 750.00 | 9 | 381.410954 A17A | 84866 | 13/04/2026 | 13/04/2026 | 15/07/2025 | Books | DBS/004/2025-2026 | 27/04/2026 |